Familias y niños mazahuas en una escuela primaria mexiquense : etnografía para maestros.

Salvato in:
Dettagli Bibliografici
Autore principale: Bertely Busquets, María (autor)
Natura: Libro
Lingua:spagnolo
Soggetti:
Tags: Aggiungi Tag
Nessun Tag, puoi essere il primo ad aggiungerne!!

MARC

LEADER 00000nam^a2200000^u^4500
001 000494221
005 20250521000000.0
008 110404s1000^^^^^^^^^^^^r^^^^^000^0^eng^d
009 20260310125520.237
022 |a 9688416002 
035 |a FCE 000037609 
037 |a Acervo ITESO - Biblioteca 
041 |a spa 
082 0 4 |a 370.193  |b BERt 
100 |a Bertely Busquets, María  |e (autor) 
245 1 0 |a Familias y niños mazahuas en una escuela primaria mexiquense :  |b etnografía para maestros. 
264 |a Toluca :  |b ISCEEM,  |c 2000. 
300 |a 77 p. 
336 |a texto  |b txt  |2 rdacontenido 
337 |a sin mediación  |b n  |2 rdamedio 
338 |a volumen  |b nc  |2 rdasoporte 
649 |a XX 
650 |a Docentes 
650 |a Relación familia-escuela 
650 |a Mazahuas 
650 |a Educación primaria 
910 |a Fondo Centro de Estudios Educativos 
920 |a Impresos - Libros 
930 |a Fondos Especiales 
905 |a 133 
901 |a ALE037656  |b IT2  |c CEE  |u 20250521 
902 |a https://opac.biblio.iteso.mx/vufind/Record/000494221